|
|
|
|
| LEADER |
00000nam2a2200000 4500 |
| 001 |
335520 |
| 005 |
20231102004748.0 |
| 035 |
|
|
|a (RuTPU)RU\TPU\book\361911
|
| 035 |
|
|
|a RU\TPU\book\361910
|
| 090 |
|
|
|a 335520
|
| 100 |
|
|
|a 20170926d1979 k y0rusy50 ca
|
| 101 |
0 |
|
|a rus
|
| 102 |
|
|
|a LV
|
| 105 |
|
|
|a a z 001zy
|
| 200 |
0 |
|
|a Вып. 11
|
| 210 |
|
|
|d 1979
|
| 215 |
|
|
|a 133 с.
|c ил.
|
| 320 |
|
|
|a Библиогр. в конце ст.
|
| 461 |
|
1 |
|0 (RuTPU)RU\TPU\book\285071
|t Вентиляция и кондиционирование воздуха
|o сборник научных трудов
|f Рижский политехнический институт
|v Вып. 11
|d 1968-1990
|
| 606 |
1 |
|
|a Вентиляция и кондиционирование воздуха
|2 stltpush
|3 (RuTPU)RU\TPU\subj\2232
|9 30824
|
| 610 |
1 |
|
|a микроклимат
|
| 610 |
1 |
|
|a системы кондиционирования воздуха
|
| 610 |
1 |
|
|a режимы работы
|
| 610 |
1 |
|
|a автоматическое регулирование
|
| 610 |
1 |
|
|a орошение
|
| 610 |
1 |
|
|a теплообменники
|
| 610 |
1 |
|
|a дисковые распылители
|
| 610 |
1 |
|
|a регенеративные теплообменные аппараты
|
| 610 |
1 |
|
|a изолинии
|
| 675 |
|
|
|a 697.9
|v 4
|
| 702 |
|
1 |
|a Креслинь
|b А. Я.
|4 340
|
| 801 |
|
0 |
|a RU
|b 63413507
|c 19950704
|g psbo
|
| 801 |
|
1 |
|a RU
|b 63413507
|c 20150211
|
| 801 |
|
2 |
|a RU
|b 63413507
|c 20170928
|g RCR
|
| 942 |
|
|
|c BK
|